000 01149nam a22002537a 4500
005 20240619081409.0
008 240619b ||||| |||| 00| 0 eng d
020 _a9786202675239
040 _aCO-BoUCM
_cDavid Moreno
_dDavid Moreno
041 _aeng
100 1 _aMadala, Surya Teja
_9181462
245 1 0 _aBuilding Information Modeling for Building Maintenance
_bBuilding Information Modeling and the Development of Integrated Model View Definitions for Building Maintenance
_cSurya Teja Madala
250 _a1ra edición
260 _aSarrebruck, AL
_bLAP LAMBERT
_c2020
300 _a264 Paginas
_bilustraciones
504 _aIncluye referencias bibliográficas e índices
650 1 4 _aEdificios
_xMantenimiento
_9181463
650 1 4 _aDefiniciones de vista
_xModelos integrados
_9181464
650 1 4 _aModelado de información de construcción
_x Proyectos de construcción
_9181457
650 1 4 _aSistemas de información
_xAdministración
_9181461
650 1 4 _aBIM (Building Information Modeling)
_xTrabajo colaborativo
_9181465
942 _2DEWEY
_a17
_cLIBRO
_e1
_h690.028
_mM178b
_n0
999 _c324388
_d324388